Las pinturas de Willy.
Saved in:
| Hovedforfatter: | |
|---|---|
| Andre forfattere: | |
| Format: | Ukendt |
| Udgivet: |
Ciudad de México, México:
Fondo de Cultura Económica,
2000.
|
| Udgivelse: | Primera edición en español. |
| Serier: | Los especiales de A la Orilla del Viento.
|
| Fag: | |
| Tags: |
Tilføj Tag
Ingen Tags, Vær først til at tagge denne postø!
|
MARC
| LEADER | 00000 a2200000 4500 | ||
|---|---|---|---|
| 003 | CL-VaPUC | ||
| 005 | 20250415112829.0 | ||
| 008 | 230904t2000|| |||| 00| 0 eng d | ||
| 999 | |c 441652 |d 441650 | ||
| 020 | |a 978-968-16-5959-2 | ||
| 040 | |c Pontificia Universidad Católica de Valparaíso | ||
| 082 | 7 | |a 808.068 BRO 2000 |2 22 | |
| 100 | |a Browne, Anthony |e autor |9 864151 | ||
| 245 | 1 | 4 | |a Las pinturas de Willy. |
| 250 | |a Primera edición en español. | ||
| 260 | |a Ciudad de México, México: |b Fondo de Cultura Económica, |c 2000. | ||
| 300 | |a [28] páginas : |b ilustraciones a color. | ||
| 490 | |a Los especiales de A la Orilla del Viento. | ||
| 583 | |k GC |c 20230904 | ||
| 650 | 0 | |a Literatura infantil |9 307465 |x Cuentos | |
| 700 | |a Esteva, Carmen |e traductora |9 884465 | ||
| 942 | |2 ddc |c BK | ||
| 952 | |0 0 |1 0 |2 ddc |4 0 |6 808_068000000000000_BRO_2000 |7 0 |8 A |9 591437 |a BIBEDU |b BIBEDU |c GEN |d 2023-09-04 |e 13 |g 12720.00 |i 5658566 |l 1 |o 808.068 BRO 2000 |p 5658566 |r 2023-10-17 |s 2023-10-10 |t 1 |v 12720.00 |w 2023-09-04 |y BK |k PAR | ||